A ilustre casa de Ramires (Record no. 50776)

MARC details
000 -LÍDER
campo de controle de tamanho fixo 00248 a2200109 4500
001 - NÚMERO DE CONTROLE
campo de controle 50776
040 ## - FONTE DA CATALOGAÇÃO
Instituição que transcreveu o registro Anchieta - Pituba
240 10 - TÍTULO UNIFORME
Título uniforme A ilustre casa de Ramires
Idioma da obra
245 10 - TÍTULO
Título A ilustre casa de Ramires
650 #4 - ASSUNTO--TERMO TÓPICO
Cabeçalho tópico ou nome geográfico Ficção portuguesa
942 ## - ELEMENTOS DE ENTRADA ADICIONADOS (KOHA)
Tipo de material Koha Música
Holdings
Situação do descarte Situação das perdas Situação física Não pode ser emprestado Biblioteca de origem Biblioteca atual Data de aquisição Total de empréstimos Número de chamada completo Código de barras Data de último acesso Data do preço efetivo Tipo de material Koha
        Colégio Anchieta - Pituba Colégio Anchieta - Pituba 21/11/2023   869.3 Q385 ILU 148/PIT 21/11/2023 21/11/2023 Música